70 [i.e. Setenta] obras recientes de David Alfaro Siqueiros (Record no. 8837)

MARC details
000 -CABECERA
campo de control de longitud fija 00813nam a2200229 a 4500
001 - NÚMERO DE CONTROL
campo de control BRL_24
005 - FECHA Y HORA DE LA ÚLTIMA TRANSACCIÓN
campo de control 20190320210544.0
008 - DATOS DE LONGITUD FIJA--INFORMACIÓN GENERAL
campo de control de longitud fija 800904s1947 mx-a######---#000-0#spa-#
040 ## - FUENTE DE LA CATALOGACIÓN
Centro catalogador/agencia de origen DLC
Centro/agencia transcriptor NTR
Centro/agencia modificador TxU
041 ## - CÓDIGO DE LENGUA
Código de lengua del texto/banda sonora o título independiente spa
044 ## - CÓDIGO DEL PAÍS DE LA ENTIDAD EDITORA/PRODUCTORA
Código MARC del país mx
050 #4 - SIGNATURA TOPOGRÁFICA DE LA BIBLIOTECA DEL CONGRESO
Número de clasificación ND259.S5
Número de documento/Ítem .S48 1947
245 10 - MENCIÓN DE TÍTULO
Título 70 [i.e. Setenta] obras recientes de David Alfaro Siqueiros
Resto del título exposición del Museo Nacional de Artes Plásticas, Departamento de Artes Plásticas.
260 ## - PUBLICACIÓN, DISTRIBUCIÓN, ETC.
Lugar de publicación, distribución, etc. México
Nombre del editor, distribuidor, etc. INBA
Fecha de publicación, distribución, etc. 1947
300 ## - DESCRIPCIÓN FÍSICA
Extensión 122 p.
Otras características físicas il.
Dimensiones 29 cm.
500 ## - NOTA GENERAL
Nota general Au372
500 ## - NOTA GENERAL
Nota general Preparación del catálogo, organización y montaje de la exposición por el Departamento de Artes Plasticas.
500 ## - NOTA GENERAL
Nota general Estado físico: encuadernado, enero 2013
600 14 - PUNTO DE ACCESO ADICIONAL DE MATERIA--NOMBRE DE PERSONA
Nombre de persona Siqueiros, David Alfaro
Fechas asociadas al nombre 1896-1974
Subdivisión de forma Exposiciones
9 (RLIN) 4894
902 ## - CATALOGADOR
Iniciales GRL
942 ## - ELEMENTOS DE PUNTO DE ACCESO ADICIONAL (KOHA)
Fuente del sistema de clasificación o colocación Library of Congress Classification
Tipo de ítem Koha Libros
Holdings
Estado de retiro Estado de pérdida Estado dañado No para préstamo Localización permanente Ubicación/localización actual Fecha de adquisición Número de inventario Total de préstamos Signatura topográfica completa Código de barras Fecha visto por última vez Precio válido a partir de Tipo de ítem Koha
El ejemplar forma parte de la colección y puede ser consultado según las políticas vigentes.       Biblioteca Centro de Estudios Ruth D. Lechuga Biblioteca Centro de Estudios Ruth D. Lechuga 26/09/2012 Au372   ND259.S5 .S48 1947 (Au372) GRL00024 22/03/2019 22/03/2019 Libros